| 000 | 00549nam a2200169Ia 4500 | ||
|---|---|---|---|
| 008 | 090711s9999 xx 000 0 und d | ||
| 082 | _b749 | ||
| 100 | _aSाव्हाण यशवंतराव | ||
| 245 | _aयुगांतर | ||
| 260 |
_bकॉन्टीनेन्टल प्रकाशन _c1999 |
||
| 300 | _a333 | ||
| 600 | _aSाव्हाण यशवंतराव | ||
| 630 | _aयुगांतर | ||
| 700 | _aSाव्हाण यशवंतराव | ||
| 730 | _aयुगांतर | ||
| 942 | _cBOOK | ||
| 999 |
_c335733 _d335733 |
||